| 000 | 01444nam a22002297a 4500 | ||
|---|---|---|---|
| 999 |
_c60044 _d60044 |
||
| 003 | Ge_BSU | ||
| 005 | 20230531173114.0 | ||
| 008 | 230531s2018ge xxu||||| |||| 00| 0 geo d | ||
| 020 | _a9788301202194 | ||
| 041 | _ageo | ||
| 080 | _a783(479.22)+27-534.5კ-44 | ||
| 245 |
_aკვლევები ქართული საეკლესიო გალობის შესახებ = Studies of georgian church music / _cრედ.თამარ ჩხეიძე ; თარგმ.რედ.კოლინ გრეგერ თორპე. |
||
| 264 |
_aვარშავა : _b PWN, _c2018. |
||
| 300 |
_a282 გვ. : _bნოტ. ; _c25 სმ. |
||
| 504 | _aბიბლიოგრაფია ნაშრომების ბოლოს. | ||
| 546 | _aყდა, თავფურცელი და ტექსტი ქართულ და ინგლისურ ენებზე. | ||
| 653 | _aქართული საეკლესიო გალობა | ||
| 700 |
_aჩხეიძე, თამარ _e რედაქტორი _918374 |
||
| 700 |
_aგრეგერ თორპე, კოლინ _eთარგმანის რედაქტორი _918375 |
||
| 710 |
_aთბილისის ვანო სარაჯიშვილის სახელობის სახელმწიფო კონსერვატორია _918376 |
||
| 942 |
_2udc _cBK |
||